Operations management: (Record no. 363919)
[ view plain ]
| 000 -LEADER | |
|---|---|
| fixed length control field | 00442nam a2200133Ia 4500 |
| 008 - FIXED-LENGTH DATA ELEMENTS--GENERAL INFORMATION | |
| fixed length control field | 200626s9999 xx 000 0 und d |
| 020 ## - INTERNATIONAL STANDARD BOOK NUMBER | |
| International Standard Book Number | 9.7811189526e+012 |
| 100 ## - MAIN ENTRY--PERSONAL NAME | |
| Personal name | Reid, R. Dan |
| 245 ## - TITLE STATEMENT | |
| Statement of responsibility, etc | R. Dan Reid, Nada R. Sanders.-- |
| Title | Operations management: |
| Remainder of title | An integrated approach / |
| 250 ## - EDITION STATEMENT | |
| Edition statement | 6th ed. |
| 260 ## - PUBLICATION, DISTRIBUTION, ETC. (IMPRINT) | |
| Place of publication, distribution, etc | Hoboken New Jersey: |
| Name of publisher, distributor, etc | John Wiley and Sons, Inc. |
| Date of publication, distribution, etc | 2016 |
| 300 ## - PHYSICAL DESCRIPTION | |
| Extent | xxiii, 680 pages |
| 500 ## - GENERAL NOTE | |
| General note | Includes appendix and index. |
| Withdrawn status | Lost status | Source of classification or shelving scheme | Damaged status | Home library | Current library | Shelving location | Date acquired | Source of acquisition | Total Checkouts | Full call number | Barcode | Date last seen | Price effective from | Koha item type |
|---|---|---|---|---|---|---|---|---|---|---|---|---|---|---|
| Library of Congress Classification | Southville International School Affiliated with Foreign Universities Library | Southville International School Affiliated with Foreign Universities Library | 06/27/2020 | Donation | TS 155 .R353 2016 | SFU2695 | 06/27/2020 | 06/27/2020 | Books |